Finite Element Method for Solid and Structural Mechanics/ (Record no. 1222)

000 -LEADER
fixed length control field 00406 a2200133 4500
020 ## - INTERNATIONAL STANDARD BOOK NUMBER
International Standard Book Number 0750663219
082 ## - DEWEY DECIMAL CLASSIFICATION NUMBER
Classification number 624.171 ZIE
100 ## - MAIN ENTRY--PERSONAL NAME
Personal name Zienkiewicz, O. C.
245 ## - TITLE STATEMENT
Title Finite Element Method for Solid and Structural Mechanics/
Statement of responsibility, etc. O. C. Zienkiewicz, R. L. Taylor
250 ## - EDITION STATEMENT
Edition statement 6th ed
260 ## - PUBLICATION, DISTRIBUTION, ETC.
Place of publication, distribution, etc. Boston :
Name of publisher, distributor, etc. Elsevier,
Date of publication, distribution, etc. 2005
300 ## - PHYSICAL DESCRIPTION
Extent xv, 631p. :
Other physical details ill. ;
Dimensions 29 cm
650 ## - SUBJECT ADDED ENTRY--TOPICAL TERM
Topical term or geographic name entry element Finite element method
650 ## - SUBJECT ADDED ENTRY--TOPICAL TERM
Topical term or geographic name entry element Structural Mechanics
Holdings
Withdrawn status Lost status Damaged status Not for loan Permanent Location Current Location Shelving location Date acquired Total Checkouts Full call number Barcode Date last seen Price effective from Koha item type
        School of Civil and Environmental Engineering (SCEE) School of Civil and Environmental Engineering (SCEE)       624.171 ZIE NIT-4135 01/05/2017 01/05/2017 Book
© 2023 Central Library, National University of Sciences and Technology. All Rights Reserved.